La Revolución blanda / (Record no. 121671)

MARC details
000 -LEADER
fixed length control field 00691cam a2200229 4500
008 - FIXED-LENGTH DATA ELEMENTS--GENERAL INFORMATION
fixed length control field 060608t20042004ag 000 0 spa u
020 ## - INTERNATIONAL STANDARD BOOK NUMBER
International Standard Book Number 9872059128
100 1# - MAIN ENTRY--PERSONAL NAME
Personal name Zizek, Slavoj
245 03 - TITLE STATEMENT
Title La Revolución blanda /
Statement of responsibility, etc Slavoj Zizek ; tr. de Sebastián Waingarten
260 ## - PUBLICATION, DISTRIBUTION, ETC. (IMPRINT)
Place of publication, distribution, etc Buenos Aires, Argentina :
Name of publisher, distributor, etc Atuel
-- arusia,
Date of publication, distribution, etc 2004
300 ## - PHYSICAL DESCRIPTION
Extent 93 p. ;
Dimensions 20 cm.
440 ## - SERIES STATEMENT/ADDED ENTRY--TITLE
Title Posiciones
500 ## - GENERAL NOTE
General note Traducción de: The ongoing soft revolution
504 ## - BIBLIOGRAPHY, ETC. NOTE
Bibliography, etc Incluye índice
506 ## - RESTRICTIONS ON ACCESS NOTE
Terms governing access PIFI 3.2
650 #4 - SUBJECT ADDED ENTRY--TOPICAL TERM
Topical term or geographic name as entry element Comunismo
650 #4 - SUBJECT ADDED ENTRY--TOPICAL TERM
Topical term or geographic name as entry element Ensayo Político Internacional
700 1# - ADDED ENTRY--PERSONAL NAME
Personal name Waingarten, Sebastian, tr.
942 ## - ADDED ENTRY ELEMENTS (KOHA)
Source of classification or shelving scheme Biblioteca del Cogreso de los Estados Unidos
Koha item type Libro

No items available.